banner-ar

استراتيجيات حديثة فى تعليم اللغة العربية و تعلمها / (Record no. 62972)

MARC details
000 -الفاتح
حقل البيانات ثابتة الطول 00942nam a22002417a 4500
005 - وقت وتاريخ اخر تعامل مع التسجيلة
رقم الضبط 20240530110617.0
008 - عناصر البيانات ثابتة الطول - معلومات عامة
حقل البيانات ثابتة الطول 161130s2015 ua g b 000 0 ara d
017 ## - رقم الايداع القانونى
رقم الايداع القانونى 2014/22007
المصدر ( الهيئة المختصة) مصر. دار الكتب
020 ## - الرقم الدولى المعيارى للكتب
الرقم الدولى المعيارى للكتاب 9789774279409
040 ## - مصدر الفهرسة
وكالة الفهرسة الأصلية EG-CaGPL
وكالة النسخ EG-CaGPL
082 04 - رقم تصنيف ديوى العشرى
رقم الطبعة 21
رقم التصنيف 372.61\
رقم المادة ح ا
100 0# - المدخل الرئيسى - إسم شخصى
الإسم الشخصى حسن شحاتة
245 10 - بيان العنوان
العنوان استراتيجيات حديثة فى تعليم اللغة العربية و تعلمها /
بيان المسئوليه,etc حسن شحاتة
250 ## - بيان الطبعة
بيان الطبعة ط.1.
260 ## - PUBLICATION, DISTRIBUTION, ETC. (IMPRINT)
تاريخ النشر أو التوزيع 2015.
300 ## - الوصف المادى
التعداد 293 ص. ؛
أبعاد الوعاء 24 سم.
504 ## - تبصرة ببليوجرافية
تبصرة ببليوجرافية,الخ يشتمل على ارجاعات ببليوجرافية
650 07 - المدخل الاضافى بالموضوع-مصطلح موضوعى
مصدر الرأس أو المصطلح qrmak
مصطلح موضوعي اللغة العربية
التقسيم الفرعي العام تعليم و تدريس
650 07 - المدخل الاضافى بالموضوع-مصطلح موضوعى
مصدر الرأس أو المصطلح qrmak
مصطلح موضوعي اللغة العربية
التقسيم الفرعي العام قواعد الاملاء و الهجاء
651 ## - المدخل الاضافى بالموضوع - اسم جغرافى
مصدر الرأس أو المصطلح qrmak
942 ## - عناصر المدخل الإضافي( كوها)
مصدر التصنيف او مخطط الترفيف Dewey Decimal Classification
Koha [default] item type كتاب
260 ## - PUBLICATION, DISTRIBUTION, ETC. (IMPRINT)
-- القاهرة :
-- الدار المصرية اللبنانية ،
Holdings
حالة التراجع حالة الفقد حالة تلف ليس للاعارة المكان المؤقت الموقع الحالى موقع الترفيف تاريخ الاكتساب اجمالي اﻻعارات رقم الطلب الباركود تاريخ اخر مشاهدة تاريخ تفعيل السعر نوع وعاء كوها
        مكتبة القاهرة الكبرى مكتبة القاهرة الكبرى القاعة الرئيسية 12/01/2016   372.61\ ح ا 162909 12/01/2016 12/01/2016 كتاب

Powered By

EGPV